000 00245nam a22001097a 4500
082 _a030
_bDCH/O
245 _aTHE OCEAN WORLD OF JACQUES COUSTEAU
260 _bROBERT B CLARKE
300 _a144
650 _aGENERAL KNOWLEDGE
_zCANADA
942 _cBK
999 _c3006
_d3006